Loading...
| Literature - American | 0 | 6 | 0 | 1 | 60 | 57 | 108.67 | 1 | 6 | 0.00 | 0.00 |
| Literature - British | 0 | 6 | 0 | 1 | 60 | 67 | 115.50 | 0 | 6 | 0.00 | 0.00 |
| Literature - European | 0 | 5 | 0 | 2 | 50 | 80 | 107.40 | 0 | 4 | 0.00 | 0.00 |
| Science - Biology | 0 | 6 | 3 | 0 | 45 | 24 | 60.83 | 5 | 6 | 0.00 | 0.00 |
| Fine Arts - Painting and Sculpture | 0 | 4 | 0 | 1 | 40 | 65 | 106.50 | 2 | 3 | 0.00 | 0.00 |
| Social Science | 0 | 3 | 0 | 1 | 30 | 61 | 89.00 | 1 | 3 | 0.00 | 0.00 |
| Philosophy | 0 | 3 | 0 | 0 | 30 | 64 | 90.67 | 3 | 3 | 0.00 | 0.00 |
| Science - Other | 0 | 3 | 0 | 0 | 30 | 82 | 102.33 | 1 | 3 | 0.00 | 0.00 |
| Science - Physics | 0 | 3 | 0 | 0 | 30 | 85 | 97.00 | 1 | 3 | 0.00 | 0.00 |
| Literature - World | 0 | 3 | 1 | 0 | 25 | 103 | 112.67 | 2 | 3 | 0.00 | 0.00 |
| Science - Chemistry | 0 | 2 | 0 | 0 | 20 | 76 | 98.50 | 0 | 2 | 0.00 | 0.00 |
| Current Events | 0 | 2 | 0 | 0 | 20 | 65 | 90.00 | 0 | 1 | 0.00 | 0.00 |
| History - American | 0 | 2 | 1 | 0 | 15 | 87 | 97.00 | 0 | 1 | 0.00 | 0.00 |
| Fine Arts - Classical Music | 0 | 1 | 0 | 0 | 10 | 109 | 109.00 | 0 | 1 | 0.00 | 0.00 |
| History - Other | 0 | 1 | 0 | 0 | 10 | 97 | 97.00 | 0 | 1 | 0.00 | 0.00 |
| History - World | 0 | 1 | 0 | 0 | 10 | 82 | 82.00 | 0 | 1 | 0.00 | 0.00 |
| Religion | 0 | 2 | 2 | 0 | 10 | 76 | 101.50 | 0 | 2 | 0.00 | 0.00 |
| Fine Arts - Other | 0 | 1 | 0 | 0 | 10 | 83 | 83.00 | 0 | 1 | 0.00 | 0.00 |
| Mythology | 0 | 1 | 0 | 0 | 10 | 111 | 111.00 | 0 | 0 | 0.00 | 0.00 |
| Geography | 0 | 1 | 0 | 0 | 10 | 85 | 85.00 | 0 | 0 | 0.00 | 0.00 |